000
00332nam a2200145Ia 4500
008
150201s2010 xx 000 0 und d
082
_a
614.1
_b
M10P
100
_a
PARIKH
245
_a
TB OF MEDICAL JURISPRUDENCE
250
_a
6TH
260
_b
CBS
_a
DELHI
_c
2010
300
_a
1-700
650
_a
FORENSIC MEDICINE
942
_2
ddc
_c
BK
999
_c
552
_d
552